The attraction of the Seventh-Day Adventist members to penticostal charismatic movements in Abidjan, Cote D'Ivoire / (Record no. 8146)
[ view plain ]
| 000 -LEADER | |
|---|---|
| fixed length control field | 00543nam a22001577a 4500 |
| 003 - CONTROL NUMBER IDENTIFIER | |
| control field | AUA.1 |
| 005 - DATE AND TIME OF LATEST TRANSACTION | |
| control field | 20200203125019.0 |
| 008 - FIXED-LENGTH DATA ELEMENTS--GENERAL INFORMATION | |
| fixed length control field | 121025t xxu||||| |||| 00| 0 eng d |
| 040 ## - CATALOGING SOURCE | |
| Transcribing agency | JTL |
| 100 ## - MAIN ENTRY--PERSONAL NAME | |
| Personal name | Kra, Emmanuel K. |
| 9 (RLIN) | 27939 |
| 245 ## - TITLE STATEMENT | |
| Title | The attraction of the Seventh-Day Adventist members to penticostal charismatic movements in Abidjan, Cote D'Ivoire / |
| Statement of responsibility, etc | Emmanuel K. Kra. |
| 300 ## - PHYSICAL DESCRIPTION | |
| Extent | 71 p. |
| Dimensions | 29 cm. |
| 650 ## - SUBJECT ADDED ENTRY--TOPICAL TERM | |
| Topical term or geographic name as entry element | Seventh-day Adventists |
| 9 (RLIN) | 27940 |
| 650 ## - SUBJECT ADDED ENTRY--TOPICAL TERM | |
| Topical term or geographic name as entry element | Pentecostals |
| 9 (RLIN) | 27941 |
| 942 ## - ADDED ENTRY ELEMENTS (KOHA) | |
| Source of classification or shelving scheme | AUA Inhouse Classification |
| Koha item type | Project |
| Classification part | MA Lead |
| Item part | .K73 2009 |
| Withdrawn status | Lost status | Source of classification or shelving scheme | Damaged status | Not for loan | Collection code | Home library | Current library | Shelving location | Date acquired | Source of acquisition | Cost, normal purchase price | Serial Enumeration / chronology | Total Checkouts | Full call number | Barcode | Date last seen | Date checked out | Cost, replacement price | Price effective from | Koha item type | Copy number |
|---|---|---|---|---|---|---|---|---|---|---|---|---|---|---|---|---|---|---|---|---|---|
| AUA Inhouse Classification | JTL Research Collection | Judith Thomas Library | Judith Thomas Library | Judith Thomas Library Research Section | 25/10/2012 | AUA RESEARCH DEPARTMENT | 15.00 | AUA011187 | 1 | MA Lead .K73 2009 | AUA011187 | 11/09/2013 | 10/09/2013 | 15.00 | 25/10/2012 | Project | |||||
| AUA Inhouse Classification | JTL Research Collection | Judith Thomas Library | Judith Thomas Library | Judith Thomas Library Research Section | 25/10/2012 | AUA RESEARCH DEPARTMENT | 15.00 | AUA011188 | MA Lead .K73 2009 | AUA011188 | 25/10/2012 | 15.00 | 25/10/2012 | Project | 2 |